| 000 | 00896cam a2200133 4500500 | ||
|---|---|---|---|
| 005 | 20260329023204.0 | ||
| 041 | _afre | ||
| 042 | _adc | ||
| 100 | 1 | 0 |
_aDurand, Yves _eauthor |
| 245 | 0 | 0 | _aLa France dans la Deuxième Guerre mondiale : 1939-1945 |
| 260 |
_bArmand Colin,
_c2011. |
||
| 520 | _aYves Durand est professeur d'histoire contemporaine honoraire.1. La "drôle de guerre" et la "débâcle"2. Vichy : Etat français et révolution nationale3. Occupation et collaboration4. Les Français, Vichy, l'occupant5. Opposants, réprouvés, persécutés, résistants6. Le tournant 1942-19437. 1944, l'année de la Libération8. La fin de la guerre : septembre 1944-8 mai 19459. Soixante-dix ans d'études sur la France dans la Deuxième Guerre mondiale | ||
| 856 | 4 | 1 | _uhttps://shs.cairn.info/la-france-dans-la-deuxieme-guerre-mondiale--9782200248987?lang=fr&redirect-ssocas=7080 |
| 999 |
_c1925358 _d1925358 |
||